000
00342nam a2200121Ia 4500
008
231129s9999||||xx |||||||||||||| ||spa||
020
_a
978-958-44-0637-8
082
_a
530 B748f
100
_a
Botero Echeverri Gustavo
245
0
_a
Física II
264
_a
Armenia Colombia : San Jose
942
_2
ddc
_c
BKS
999
_c
14030
_d
14030